Imperial America: the international politics of primacy
Gespeichert in:
| 1. Verfasser: | |
|---|---|
| Format: | Buch |
| Sprache: | Englisch |
| Veröffentlicht: |
Baltimore
Johns Hopkins
1967
|
| Schriftenreihe: | Studies in International Affairs Number, 2
|
| Schlagworte: | |
| Tags: |
Tag hinzufügen
Keine Tags, Fügen Sie den ersten Tag hinzu!
|
MARC
| LEADER | 00000nam a2200000 a 4500 | ||
|---|---|---|---|
| 001 | UCO7975 | ||
| 003 | CL-VaPUC | ||
| 008 | 001124e19670000US |||||||||||||||||eng|d | ||
| 082 | 0 | 4 | |a 327.73 |b LIS |2 21 |
| 100 | |a Liska, George |e autor |9 460218 | ||
| 245 | 1 | 0 | |a Imperial America: the international politics of primacy |
| 300 | |a 115 p | ||
| 942 | |c BK | ||
| 945 | |d 20001124 00:00:00 |a crobeson | ||
| 260 | |a Baltimore |b Johns Hopkins |c 1967 | ||
| 650 | 0 | |a Relaciones Internacionales |9 255740 | |
| 650 | 0 | |a Imperialismo |9 258264 | |
| 650 | 0 | |a Guerra Fría |9 319648 | |
| 650 | 0 | |a Historia diplomática |9 314834 | |
| 651 | 0 | |a Estados Unidos |9 255178 | |
| 583 | |a last modification |c 20001124 00:00:00 |k Rodrigo Vera | ||
| 490 | 0 | |a Studies in International Affairs Number, 2 | |
| 999 | |c 292787 |d 292785 | ||
| 952 | |0 0 |1 0 |4 0 |6 327_730000000000000_LIS_1967 |7 0 |8 A |9 343860 |a BIBHIS |b BIBHIS |d 2019-11-20 |i 1229931 |o 327.73 LIS 1967 |p 1229931 |r 2025-01-20 |w 2019-11-20 |y BK |k HIS | ||